Catálogo
 En Linea

Muerte del payaso y la calumnia : (Registro nro. 30886)

Detalles MARC
000 -CABECERA
campo de control de longitud fija 00457nam a2200157 a 4500
001 - NÚMERO DE CONTROL
campo de control 000031394
005 - FECHA Y HORA DE LA ÚLTIMA TRANSACCIÓN
campo de control 20200930062911.0
008 - DATOS DE LONGITUD FIJA--INFORMACIÓN GENERAL
campo de control de longitud fija 110620s1938 dr 000 0 spa d
040 ## - FUENTE DE LA CATALOGACIÓN
Centro catalogador/agencia de origen DO-SdBNP
Lengua de catalogación spa
Centro/agencia transcriptor BNPHU
082 ## - NÚMERO DE LA CLASIFICACIÓN DECIMAL DEWEY
Número de clasificación xxxx
Número de documento/Ítem R923m
049 ## - FONDOS LOCALES (OCLC)
Fondos de biblioteca BNPHU
100 1# - ENTRADA PRINCIPAL--NOMBRE DE PERSONA
Nombre de persona Ruffin Ortíz, P. E.
9 (RLIN) 57352
245 10 - MENCIÓN DE TÍTULO
Título Muerte del payaso y la calumnia :
Resto del título (novela) /
Mención de responsabilidad, etc. P. E. Ruffin Ortïz.
260 ## - PUBLICACIÓN, DISTRIBUCIÓN, ETC.
Lugar de publicación, distribución, etc. Santo Domingo :
Nombre del editor, distribuidor, etc. Fémina,
Fecha de publicación, distribución, etc. 1938.
300 ## - DESCRIPCIÓN FÍSICA
Extensión [97 p.] ;
Dimensiones 24 cm.
Existencias
Estado de retiro Estado de pérdida No para préstamo Código de colección Localización permanente Ubicación/localización actual Ubicación en estantería Fecha de adquisición Número de inventario Total de préstamos Signatura topográfica completa Código de barras Fecha visto por última vez Precio válido a partir de Tipo de ítem Koha Nota pública
      Patrimonio Dominicano Patrimonio Dominicano Patrimonio Dominicano Orden iniciada 20.06.2011 LF1   xxxx R923m 31394-10 25.06.2020 25.06.2020 Libro y Folleto Colección Patrimonio Dominicano Perteneció a la biblioteca personal de Julio Ortega Frier

Con tecnología Koha